000 00346nam a22001457a 4500
008 230831b ||||| |||| 00| 0 eng d
020 _a9780674843912
041 _aeng
080 _a621
082 _a621HUG
100 _a20
101 _aIE
245 _aTHE STRUCTURE AND INTERPRETATION OF QUANTUM MECHANICS
_cHUGHE.R.I.G
942 _2udc
_cBK
999 _c60216
_d60216